000 00562nam a2200157 4500
999 _c122358
_d122358
005 20210526091653.0
008 210526b ||||| |||| 00| 0 eng d
040 _cPK-LaUMT
082 _aRHC 327.5405694
_bHAM-I
100 _aHahmid, Mahmood =حام، محمودد
245 _aIsrael aur bharat ke khufia toalqat = اسرائیل اور بھارت کے خفیہ تعلقات/
_cby Muhammad Hamid =از محمد حامد
260 _aLahore :
_bMktaba Urdu Digest,
_c1980
300 _a128 p.
650 _aForeign relations India and Israel
942 _cBK